Sports Quiz

Random Sports or NFL Quiz
Score 0/32 Timer 05:00
0 Plays Today
Hint Answer % Correct
Atlanta FalconsMatt Ryan
100%
Baltimore RavensLamar Jackson
100%
Carolina PanthersCam Newton
100%
Dallas CowboysDak Prescott
100%
Green Bay PackersAaron Rodgers
100%
Kansas City ChiefsPatrick Mahomes
100%
Los Angeles ChargersPhilip Rivers
100%
Minnesota VikingsKirk Cousins
100%
New England PatriotsTom Brady
100%
New Orleans SaintsDrew Brees
100%
Arizona CardinalsKyler Murray
99%
Buffalo BillsJosh Allen
99%
Cleveland BrownsBaker Mayfield
99%
Denver BroncosJoe Flacco
99%
Detroit LionsMatthew Stafford
99%
Houston TexansDeshaun Watson
99%
Hint Answer % Correct
Chicago BearsMitch Trubisky
98%
Cincinnati BengalsAndy Dalton
98%
Jacksonville JaguarsNick Foles
98%
Los Angeles RamsJared Goff
98%
New York GiantsEli Manning
98%
New York JetsSam Darnold
98%
Oakland RaidersDerek Carr
98%
Indianapolis ColtsJacoby Brissett
97%
Miami DolphinsRyan Fitzpatrick
97%
Philadelphia EaglesCarson Wentz
97%
Seattle SeahawksRussell Wilson
96%
Tampa Bay BuccaneersJameis Winston
94.9%
Pittsburgh SteelersBen Roethlisberger
92.9%
Tennessee TitansMarcus Mariota
92.9%
Washington RedskinsCase Keenum
92.9%
San Francisco 49ersJimmy Garoppolo
86.9%

You're not logged in!

Compare scores with friends on all Sporcle quizzes.
OR
Log In

Sporcle TV

Today on Sporcle TV


Watch our educational content, quiz creation guides, and fun videos on Sporcle TV.

Show Comments

Extras

Created Sep 10, 2019ReportNominate
Tags:Football Quiz, NFL Quiz

Top Quizzes Today


Score Distribution

Paid Content

Your Account Isn't Verified!

In order to create a playlist on Sporcle, you need to verify the email address you used during registration. Go to your Sporcle Settings to finish the process.

Report this User

Report this user for behavior that violates our Community Guidelines.

Details: